<?xml version="1.0" encoding="UTF-8"?>
<marc:record xmlns:marc="http://www.loc.gov/MARC21/slim">
   <marc:leader>00000nam a2200000 a 4500</marc:leader>
   <marc:datafield ind1=" " ind2=" " tag="653">
      <marc:subfield code="a">Softcover / Sachbücher/Politik</marc:subfield>
   </marc:datafield>
   <marc:datafield ind1=" " ind2=" " tag="653">
      <marc:subfield code="a">Gesellschaft</marc:subfield>
   </marc:datafield>
   <marc:datafield ind1=" " ind2=" " tag="653">
      <marc:subfield code="a">Wirtschaft/Sonstiges</marc:subfield>
   </marc:datafield>
   <marc:datafield ind1=" " ind2=" " tag="653">
      <marc:subfield code="a">Obertauern</marc:subfield>
   </marc:datafield>
   <marc:datafield ind1=" " ind2=" " tag="653">
      <marc:subfield code="a">Hermann Maier</marc:subfield>
   </marc:datafield>
   <marc:datafield ind1=" " ind2=" " tag="653">
      <marc:subfield code="a">Herminator</marc:subfield>
   </marc:datafield>
   <marc:datafield ind1=" " ind2=" " tag="653">
      <marc:subfield code="a">Ski Alpin</marc:subfield>
   </marc:datafield>
   <marc:datafield ind1=" " ind2=" " tag="653">
      <marc:subfield code="a">Ski Nordisch</marc:subfield>
   </marc:datafield>
   <marc:datafield ind1=" " ind2=" " tag="653">
      <marc:subfield code="a">Langlauf</marc:subfield>
   </marc:datafield>
   <marc:datafield ind1=" " ind2=" " tag="653">
      <marc:subfield code="a">Olympiastützpunkt</marc:subfield>
   </marc:datafield>
   <marc:datafield ind1=" " ind2=" " tag="653">
      <marc:subfield code="a">Bernd Pansold</marc:subfield>
   </marc:datafield>
   <marc:datafield ind1=" " ind2=" " tag="653">
      <marc:subfield code="a">Ramsau 1999</marc:subfield>
   </marc:datafield>
   <marc:datafield ind1=" " ind2=" " tag="653">
      <marc:subfield code="a">Nagano 1998</marc:subfield>
   </marc:datafield>
   <marc:datafield ind1=" " ind2=" " tag="653">
      <marc:subfield code="a">Waris Dirie</marc:subfield>
   </marc:datafield>
   <marc:datafield ind1="0" ind2="0" tag="245">
      <marc:subfield code="a">Erfolgscoach Heini Bergmüller - Der Mann hinter dem Herminator</marc:subfield>
   </marc:datafield>
   <marc:datafield ind1=" " ind2="1" tag="264">
      <marc:subfield code="a">Wien</marc:subfield>
      <marc:subfield code="b">EGOTH-Verlag</marc:subfield>
      <marc:subfield code="c">2025</marc:subfield>
   </marc:datafield>
   <marc:datafield ind1="1" ind2=" " tag="520">
      <marc:subfield code="a">In der Intensivstation kämpfen sieben Ärzte um den Unterschenkel von Hermann Maier. Ich tüftle in Obertauern, wie das Comeback funktionieren könnte. Mitten in der Nacht läutet mein Handy. Hermann klingt verzweifelt: „Heini, ich halt’s nicht mehr aus. Meine Kraft, alles ist weg.“ Eine Stunde später bin ich im Krankenhaus. Hermann führt mir eine schlimme Entdeckung vor.

In dieser spannenden Biografie lüftet Erfolgscoach Heini Bergmüller das Trainingsgeheimnis um Ski-Olympiasieger Hermann Maier. Lesen Sie, wie alles vor über 30 Jahren begann – am Olympiastützpunkt Obertauern, der zur Medaillenschmiede wurde. Wie sich Visionär Bergmüller mit dem Österreichischen Skiverband anlegte und was der ehemalige DDR-Arzt Bernd Pansold damit zu tun hatte. Dazu lustige Anekdoten einer unbeschwerten Kindheit, die Jagd nach dem eigenen Olympiatraum und die Vision vom perfekten Trainingsumfeld, das Bergmüller ohne Rücksicht auf Verluste umsetzte.

In seiner Autobiografie zeigt Bergmüller auf, wie Training funktioniert und wie jeder davon profitieren kann. Ein Buch, das auch Ihr Leben verändern wird!

Hermann Maier über die Bergmüller-Methode: „Wir haben das Training revolutioniert!“
</marc:subfield>
   </marc:datafield>
   <marc:datafield ind1=" " ind2=" " tag="020">
      <marc:subfield code="a">9783903376601</marc:subfield>
      <marc:subfield code="9">9783903376601</marc:subfield>
   </marc:datafield>
   <marc:datafield ind1=" " ind2=" " tag="020">
      <marc:subfield code="a">3903376604</marc:subfield>
      <marc:subfield code="9">3903376604</marc:subfield>
   </marc:datafield>
   <marc:datafield ind1=" " ind2=" " tag="041">
      <marc:subfield code="a">ger</marc:subfield>
   </marc:datafield>
   <marc:datafield ind1=" " ind2=" " tag="300">
      <marc:subfield code="a">256 Seiten</marc:subfield>
   </marc:datafield>
</marc:record>
